000 00412nam a22001451a 4500
082 _aM300 9
_bTHO/M
100 _aThomas Thumpamon
_9140331
245 _aMalayala novelil oru punaparisodhana/
_cby Thomas Thumpamon
260 _aKottayam:
_bNational,
_c1992.
300 _a108p.
650 _aNovel Malayalam Study
_9140332
650 _aLiterature Malayalam
_9140333
650 _aLiterature
_9140334
942 _cBK
999 _c27106
_d27106